<?xml version="1.0" encoding="UTF-8"?><?xml-stylesheet type="text/xsl" href="static/style.xsl"?><OAI-PMH xmlns="http://www.openarchives.org/OAI/2.0/" xmlns:xsi="http://www.w3.org/2001/XMLSchema-instance" xsi:schemaLocation="http://www.openarchives.org/OAI/2.0/ http://www.openarchives.org/OAI/2.0/OAI-PMH.xsd"><responseDate>2026-04-13T01:06:36Z</responseDate><request verb="GetRecord" identifier="oai:www.recercat.cat:2445/130867" metadataPrefix="marc">https://recercat.cat/oai/request</request><GetRecord><record><header><identifier>oai:recercat.cat:2445/130867</identifier><datestamp>2025-12-04T22:30:18Z</datestamp><setSpec>com_2072_1057</setSpec><setSpec>col_2072_478917</setSpec><setSpec>col_2072_478931</setSpec></header><metadata><record xmlns="http://www.loc.gov/MARC21/slim" xmlns:dcterms="http://purl.org/dc/terms/" xmlns:xsi="http://www.w3.org/2001/XMLSchema-instance" xmlns:doc="http://www.lyncode.com/xoai" xsi:schemaLocation="http://www.loc.gov/MARC21/slim http://www.loc.gov/standards/marcxml/schema/MARC21slim.xsd">
   <leader>00925njm 22002777a 4500</leader>
   <datafield ind2=" " ind1=" " tag="042">
      <subfield code="a">dc</subfield>
   </datafield>
   <datafield ind2=" " ind1=" " tag="720">
      <subfield code="a">Mas-Expósito, Laia</subfield>
      <subfield code="e">author</subfield>
   </datafield>
   <datafield ind2=" " ind1=" " tag="720">
      <subfield code="a">Amador, Juan Antonio</subfield>
      <subfield code="e">author</subfield>
   </datafield>
   <datafield ind2=" " ind1=" " tag="720">
      <subfield code="a">Lalucat-Jo, Lluís</subfield>
      <subfield code="e">author</subfield>
   </datafield>
   <datafield ind2=" " ind1=" " tag="720">
      <subfield code="a">Villegas-Miranda, Francisco</subfield>
      <subfield code="e">author</subfield>
   </datafield>
   <datafield ind2=" " ind1=" " tag="260">
      <subfield code="c">2019-03-25T14:12:57Z</subfield>
   </datafield>
   <datafield ind2=" " ind1=" " tag="260">
      <subfield code="c">2019-03-25T14:12:57Z</subfield>
   </datafield>
   <datafield ind2=" " ind1=" " tag="260">
      <subfield code="c">2014-06-18</subfield>
   </datafield>
   <datafield ind2=" " ind1=" " tag="260">
      <subfield code="c">2019-03-25T14:12:57Z</subfield>
   </datafield>
   <datafield ind2=" " ind1=" " tag="520">
      <subfield code="a">El trastorno orgánico de la personalidad (TOP) se caracteriza por la presencia de desinhibición producida por una alteración orgánica que afecta a la conducta, y al funcionamiento del dominio cognitivo, en especial las funciones ejecutivas. Este trabajo analiza los déficits neuropsicológicos de un paciente con TOP y su posible relación con los altos niveles de discapacidad que presenta. La evaluación realizada al paciente muestra una capacidad intelectual global evaluada con la WAIS-III muy por debajo de la media; además, se observan déficits atencionales, en la memoria a corto y largo plazo, y en funciones ejecutivas. Los hallazgos podrían ser consistentes con una alteración general de las funciones ejecutivas que, a su vez, podrían estar comprometiendo la capacidad del paciente para autoregular sus acciones y respuestas. Partiendo de datos anteriores disponibles del paciente se observa un posible deterioro en el funcionamiento intelectual general. Los actuales déficits del paciente, su evolución, así como una consideración de las alteraciones neuropsicológicas, como predictoras de la funcionalidad, podrían explicar sus dificultades. Se propone una intervención rehabilitadora basada en el aprendizaje de estrategias metacognitivas en un contexto que permita la transferencia de lo aprendido a situaciones cuotidianas. Se recomienda que la intervención se haga en el marco de una intervención integral y que la exploración neuropsicológica sea una pieza clave del proceso de rehabilitación del paciente con TOP.</subfield>
   </datafield>
   <datafield tag="653" ind2=" " ind1=" ">
      <subfield code="a">Trastorns de la personalitat</subfield>
   </datafield>
   <datafield tag="653" ind2=" " ind1=" ">
      <subfield code="a">Traumatismes cranials</subfield>
   </datafield>
   <datafield tag="653" ind2=" " ind1=" ">
      <subfield code="a">Estudi de casos</subfield>
   </datafield>
   <datafield tag="653" ind2=" " ind1=" ">
      <subfield code="a">Personality disorders</subfield>
   </datafield>
   <datafield tag="653" ind2=" " ind1=" ">
      <subfield code="a">Skull injuries</subfield>
   </datafield>
   <datafield tag="653" ind2=" " ind1=" ">
      <subfield code="a">Case studies</subfield>
   </datafield>
   <datafield ind2="0" ind1="0" tag="245">
      <subfield code="a">Funcionamiento neuropsicológico de un paciente con trastorno orgánico de la personalidad</subfield>
   </datafield>
</record></metadata></record></GetRecord></OAI-PMH>